[Event "2nd GMA World Cup prel  #1"]
[Site "Belgrade YUG"]
[Date "1988.??.??"]
[Round "?"]
[White "Groszpeter, Attila"]
[Black "Ostojic, Predrag"]
[Result "1-0"]
[WhiteElo "2510"]
[BlackElo "2390"]
[EventDate "1988.12.??"]
[PlyCount "125"]

1.d4 c5 2.dxc5 Qa5+ 3.Nc3 Nf6 4.Be3 Ng4 5.Bd2 Qxc5 6.Nh3 g6 7.Ne4 Qc6 8.
Bc3 f6 9.Ng3 Bh6 10.e3 Ne5 11.Nf4 b6 12.h4 Ba6 13.h5 Bxf1 14.Kxf1 Bxf4 15.
exf4 Qc4+ 16.Kg1 Nf7 17.Qf3 Nc6 18.b3 Qc5 19.Ne4 Qf5 20.g4 Qb5 21.a4 Qa6 
22.Nxf6+ exf6 23.Bxf6 Rg8 24.g5 Kf8 25.hxg6 hxg6 26.Re1 Re8 27.Rxe8+ Kxe8 
28.Kg2 Qb7 29.Re1+ Kf8 30.Be7+ Ke8 31.Bf6+ Kf8 32.Qd5 Qc7 33.Kg3 Qd6 34.
Qe4 Qb8 35.Rd1 Qe8 36.Qxe8+ Kxe8 37.Re1+ Kf8 38.b4 Nd6 39.b5 Nf5+ 40.Kg4 
Nce7 41.Rd1 d6 42.Bc3 Kf7 43.Bb4 Rc8 44.c3 Rh8 45.Kf3 Ke6 46.Re1+ Kd5 47.
c4+ Kxc4 48.Bxd6 Nd4+ 49.Kg2 Nef5 50.Be5 Rh7 51.Rc1+ Kb4 52.Rc8 Nh4+ 53.
Kg3 Ndf5+ 54.Kg4 Kxa4 55.Rc6 Ne7 56.Rc7 Nhf5 57.Rxa7+ Kxb5 58.Kf3 Rh3+ 59.
Kg2 Rd3 60.Ra8 Kc6 61.Kf1 Kd5 62.Ke2 Ke4 63.f3+ 1-0

[Event "2nd GMA World Cup prel  #1"]
[Site "Belgrade YUG"]
[Date "1988.??.??"]
[Round "?"]
[White "Grun, Gerd-Peter"]
[Black "Cabrilo, Goran"]
[Result "0-1"]
[WhiteElo "2380"]
[BlackElo "2510"]
[EventDate "1988.12.??"]
[PlyCount "74"]

1.d4 Nf6 2.Nf3 d6 3.g3 Nbd7 4.Bg2 e5 5.O-O Be7 6.c4 O-O 7.Nc3 c6 8.Qc2 Qc7
9.b3 Re8 10.Bb2 Bf8 11.Rfd1 e4 12.Ne1 d5 13.cxd5 cxd5 14.Rac1 Qa5 15.Qd2 
Qa6 16.Nc2 Nb8 17.Ne3 Be6 18.f4 exf3 19.exf3 Nc6 20.f4 Rad8 21.Kh1 Bb4 22.
a3 Bxc3 23.Qxc3 Ne7 24.Qd3 Qxd3 25.Rxd3 Nf5 26.Bf3 Nxe3 27.Rxe3 Bg4 28.
Rxe8+ Rxe8 29.Bxg4 Nxg4 30.h3 Nf2+ 31.Kg1 Nd3 32.Rc2 h5 33.Bc3 Re3 34.Kg2 
h4 35.gxh4 Nxf4+ 36.Kf1 Rxh3 37.Bd2 Ne6 0-1

[Event "2nd GMA World Cup prel  #1"]
[Site "Belgrade YUG"]
[Date "1988.??.??"]
[Round "?"]
[White "Grun, Gerd-Peter"]
[Black "Gurevich, Dmitry"]
[Result "1/2-1/2"]
[WhiteElo "2380"]
[BlackElo "2475"]
[EventDate "1988.12.??"]
[PlyCount "100"]

1.d4 Nf6 2.Nf3 e6 3.c4 c5 4.d5 exd5 5.cxd5 g6 6.Nc3 Bg7 7.g3 d6 8.Bg2 O-O 
9.O-O Na6 10.Nd2 Nc7 11.a4 b6 12.Rb1 Re8 13.Re1 Ba6 14.b3 b5 15.axb5 Nxb5 
16.Bb2 Ng4 17.Nxb5 Bxb2 18.Rxb2 Qf6 19.Bf3 Bxb5 20.Ra2 h5 21.Qa1 Qxa1 22.
Raxa1 Nf6 23.Ra5 a6 24.Nc4 Rad8 25.e3 Kf8 26.Na3 Rb8 27.Nxb5 axb5 28.Ra6 
Ke7 29.Ra7+ Nd7 30.Rea1 Rec8 31.Kf1 Rb6 32.Ke1 Kd8 33.Be2 Rcb8 34.Kd2 R8b7
35.Rxb7 Rxb7 36.Ra6 Ke7 37.Ra5 b4 38.Bb5 Rc7 39.f4 Nf6 40.Bc6 Ng4 41.h3 
Nf2 42.Ke2 Ne4 43.g4 hxg4 44.hxg4 g5 45.Ra8 Kf6 46.Rd8 Re7 47.Kd3 Nf2+ 48.
Kd2 Ne4+ 49.Kd3 Nf2+ 50.Kd2 Ne4+ 1/2-1/2

[Event "2nd GMA World Cup prel  #1"]
[Site "Belgrade YUG"]
[Date "1988.??.??"]
[Round "?"]
[White "Gruenfeld, Yehuda"]
[Black "Ostojic, Predrag"]
[Result "1-0"]
[WhiteElo "2520"]
[BlackElo "2390"]
[EventDate "1988.12.??"]
[PlyCount "109"]

1.e4 c5 2.Nf3 d6 3.d4 cxd4 4.Nxd4 Nf6 5.Nc3 a6 6.Bg5 Nc6 7.Bxf6 gxf6 8.Qd2
e6 9.Be2 Qb6 10.Nb3 Bd7 11.f4 h5 12.Bf3 h4 13.O-O-O O-O-O 14.Kb1 Be7 15.
Rhf1 Kb8 16.Qe2 Na5 17.Bh5 Nxb3 18.axb3 Rh7 19.Bg4 Qc5 20.Qd3 Rhh8 21.Qh3 
Bc6 22.f5 e5 23.Nd5 Bxd5 24.Rxd5 Qb6 25.Be2 Bf8 26.Bc4 Bh6 27.Rd3 Qc7 28.
Bd5 Bg5 29.Rfd1 Rd7 30.b4 Qb6 31.c3 Bf4 32.Qg4 Bxh2 33.Rh1 Bf4 34.g3 Bg5 
35.gxh4 Qf2 36.h5 Rh6 37.Qd1 Qg2 38.Rdh3 Bf4 39.Qa4 Rc7 40.Qe8+ Rc8 41.Qd7
Rc7 42.Qd8+ Rc8 43.Qxd6+ Rc7 44.b5 axb5 45.Qd8+ Rc8 46.Qd7 Rc7 47.Qe8+ Ka7
48.Qd8 Kb6 49.Qd6+ Rc6 50.Bxc6 bxc6 51.Qd8+ Kc5 52.b4+ Kc4 53.Qd3+ Kb3 54.
c4+ Kxb4 55.Qa3+ 1-0

[Event "2nd GMA World Cup prel  #1"]
[Site "Belgrade YUG"]
[Date "1988.??.??"]
[Round "?"]
[White "Gufeld, Eduard"]
[Black "Karaklajic, Nikola"]
[Result "1/2-1/2"]
[WhiteElo "2510"]
[BlackElo "2385"]
[EventDate "1988.12.??"]
[PlyCount "109"]

1.e4 e5 2.Nf3 Nc6 3.Bb5 Nf6 4.O-O Nxe4 5.d4 Nd6 6.Bxc6 dxc6 7.dxe5 Nf5 8.
Qxd8+ Kxd8 9.Nc3 Ke8 10.b3 a5 11.Bb2 Bb4 12.Rad1 Bxc3 13.Bxc3 Be6 14.Rd3 
a4 15.Rfd1 axb3 16.axb3 h6 17.h3 c5 18.Nd2 Ne7 19.Ne4 b6 20.f3 Nc6 21.g4 
h5 22.Kg2 hxg4 23.hxg4 Ra2 24.R3d2 Ke7 25.Kg3 Rd8 26.Rxd8 Nxd8 27.Rd2 Nc6 
28.f4 Nd4 29.Bxd4 cxd4 30.f5 Bd5 31.Kf4 c5 32.b4 Ra1 33.bxc5 Rf1+ 34.Kg5 
Bxe4 35.Rxd4 f6+ 36.Kh4 Bxc2 37.cxb6 Rh1+ 38.Kg3 fxe5 39.Rc4 Bd3 40.Rc7+ 
Kf6 41.Rc6+ Ke7 42.Rc7+ Kd6 43.Rxg7 Rb1 44.Rg6+ Kd5 45.Re6 Kd4 46.f6 Bg6 
47.Kh4 Kd5 48.Re7 Rxb6 49.Kg5 Bc2 50.Re8 Rb7 51.Re7 Rb4 52.Rc7 Bb1 53.Kh6 
Rxg4 54.f7 Rg6+ 55.Kh7 1/2-1/2

[Event "2nd GMA World Cup prel  #1"]
[Site "Belgrade YUG"]
[Date "1988.??.??"]
[Round "?"]
[White "Gufeld, Eduard"]
[Black "Orlov, Georgy"]
[Result "0-1"]
[WhiteElo "2510"]
[BlackElo "2425"]
[EventDate "1988.12.??"]
[PlyCount "168"]

1.e4 e6 2.d4 d5 3.Nd2 c5 4.exd5 Qxd5 5.Ngf3 cxd4 6.Bc4 Qd6 7.O-O Nf6 8.Nb3
Nc6 9.Nbxd4 Nxd4 10.Nxd4 a6 11.a4 Qc7 12.Qe2 Bd6 13.h3 O-O 14.Bg5 Bh2+ 15.
Kh1 Bf4 16.Bxf4 Qxf4 17.Rfd1 Bd7 18.Ra3 Rac8 19.Rf3 Qh4 20.Bb3 Rc5 21.Rfd3
Qf4 22.c3 Qc7 23.Bc2 Ra5 24.b4 Re5 25.Qd2 Ne4 26.Qf4 Nxc3 27.Rf1 Nd5 28.
Qh4 Qd8 29.Qg4 Rg5 30.Qh4 Re5 31.Qg3 Qg5 32.Qxg5 Rxg5 33.f4 Rg6 34.Nf3 Rh6
35.Ne5 Be8 36.Rd4 Ne3 37.Rc1 f6 38.Ng4 Nxg4 39.Bb3 Bf7 40.Rc7 Ne3 41.Rdd7 
Nd5 42.Rxb7 Nxf4 43.b5 axb5 44.a5 Bg6 45.Rd4 Nd5 46.a6 Ra8 47.a7 Be8 48.
Rxd5 Rxa7 49.Rxa7 exd5 50.Bxd5+ Kf8 51.Kg1 Rh5 52.Bf3 Re5 53.Rb7 Re7 54.
Rb8 Kf7 55.Bd5+ Kg6 56.Kf2 Re5 57.Bf3 Bf7 58.h4 Bd5 59.Bd1 Bc4 60.Bc2+ Kh6
61.Kg3 Rc5 62.Kh2 f5 63.Bd1 g6 64.g4 fxg4 65.Bxg4 Rd5 66.Kg3 Rd3+ 67.Kf4 
Rd4+ 68.Kg3 Bd3 69.Rb7 b4 70.Rb6 Bc2 71.Bf3 Bf5 72.Be2 Be4 73.Kf2 Bd5 74.
h5 Bf7 75.Ke3 Rh4 76.Rb7 Be6 77.Rb6 Bf5 78.Rb5 Kg5 79.hxg6 hxg6 80.Kd2 Kf6
81.Bf3 Be6 82.Bd5 Bd7 83.Rb7 Ba4 84.Kd3 Ke5 0-1

[Event "2nd GMA World Cup prel  #1"]
[Site "Belgrade YUG"]
[Date "1988.??.??"]
[Round "?"]
[White "Gufeld, Eduard"]
[Black "Reshevsky, Samuel"]
[Result "1/2-1/2"]
[WhiteElo "2510"]
[BlackElo "2445"]
[EventDate "1988.12.??"]
[PlyCount "62"]

1.g3 g6 2.Bg2 Bg7 3.e4 e5 4.Ne2 Ne7 5.f4 d6 6.O-O O-O 7.Nbc3 Nbc6 8.d3 Nd4
9.h3 Be6 10.Be3 Rb8 11.Qd2 c5 12.a4 Qa5 13.g4 exf4 14.Nxf4 Qb4 15.Rab1 b5 
16.axb5 Nxb5 17.Nxb5 Qxd2 18.Bxd2 Rxb5 19.Bc3 Nc6 20.e5 Nxe5 21.Ra1 a5 22.
Nxe6 fxe6 23.Rxf8+ Kxf8 24.Rxa5 Rxa5 25.Bxa5 d5 26.Kf1 Ke7 27.Bc3 Kd6 28.
b4 cxb4 29.Bxb4+ Kc6 30.Bc3 Kd6 31.Ke2 Bh6 1/2-1/2

[Event "2nd GMA World Cup prel  #1"]
[Site "Belgrade YUG"]
[Date "1988.??.??"]
[Round "?"]
[White "Gunawan, Ronny"]
[Black "Blees, Albert"]
[Result "1-0"]
[WhiteElo "2440"]
[BlackElo "2350"]
[EventDate "1988.12.??"]
[PlyCount "73"]

1.d4 Nf6 2.c4 g6 3.Nc3 d5 4.Bf4 Bg7 5.Nf3 c5 6.dxc5 Qa5 7.cxd5 Nxd5 8.Qxd5
Bxc3+ 9.Bd2 Be6 10.Qxb7 Bxd2+ 11.Nxd2 O-O 12.b4 Qa3 13.Qxa8 Rd8 14.e4 Qxb4
15.Rd1 Bg4 16.f3 Qxc5 17.Be2 Nc6 18.Qxd8+ Nxd8 19.fxg4 Ne6 20.Rf1 Nd4 21.
Nb3 Qb4+ 22.Kf2 Nc2 23.Rd3 Qxe4 24.Rc1 Nb4 25.Rd4 Qb7 26.Rcc4 Nxa2 27.Nc5 
Qb6 28.g5 Kg7 29.Rd7 h6 30.h4 hxg5 31.hxg5 Kf8 32.Rb7 Qa5 33.Ne4 Qe5 34.
Rc8+ Kg7 35.Rbb8 Nc1 36.Rg8+ Kh7 37.Nf6+ 1-0

[Event "2nd GMA World Cup prel  #1"]
[Site "Belgrade YUG"]
[Date "1988.??.??"]
[Round "?"]
[White "Gunawan, Ronny"]
[Black "Brkljaca, Ante"]
[Result "1/2-1/2"]
[WhiteElo "2440"]
[BlackElo "2355"]
[EventDate "1988.12.??"]
[PlyCount "94"]

1.d4 Nf6 2.c4 e6 3.Nf3 d5 4.Nc3 Bb4 5.Qa4+ Nc6 6.Ne5 Bd7 7.Nxc6 Bxc3+ 8.
bxc3 Bxc6 9.Qb3 dxc4 10.Qxc4 O-O 11.Bg5 h6 12.Bh4 Qe7 13.f3 e5 14.d5 Bd7 
15.Rd1 e4 16.Bxf6 Qxf6 17.fxe4 Qd6 18.g3 f5 19.exf5 Rxf5 20.Bh3 b5 21.Qd4 
Rf6 22.Bxd7 Qxd7 23.Rf1 Rd6 24.e4 Re8 25.Rf2 c6 26.Re2 cxd5 27.e5 Qe6 28.
Qxa7 Rb6 29.Rd4 Qc6 30.Qa3 Kh8 31.Qb3 Ra6 32.Rxd5 Ra3 33.Qxa3 Qxd5 34.Qd6 
Qh1+ 35.Kd2 b4 36.cxb4 Rc8 37.Ke3 Rc3+ 38.Kd4 Qf3 39.Qa6 Rc1 40.Qd3 Qf8 
41.a3 Qd8+ 42.Ke3 Qb6+ 43.Kf3 Rf1+ 44.Kg2 Rg1+ 45.Kf3 Rf1+ 46.Ke4 Qc6+ 47.
Kd4 Rf3 1/2-1/2

[Event "2nd GMA World Cup prel  #1"]
[Site "Belgrade YUG"]
[Date "1988.??.??"]
[Round "?"]
[White "Gunawan, Ronny"]
[Black "Nenadovic, Ljubisa"]
[Result "0-1"]
[WhiteElo "2440"]
[BlackElo "2245"]
[EventDate "1988.12.??"]
[PlyCount "80"]

1.d4 Nf6 2.c4 c5 3.d5 e6 4.Nc3 exd5 5.cxd5 d6 6.Nf3 g6 7.Bf4 a6 8.a4 Bg7 
9.e3 Bg4 10.Qb3 Bxf3 11.gxf3 b6 12.a5 Nh5 13.Bxd6 Qxd6 14.Ne4 Qe5 15.axb6 
Qxb2 16.Qxb2 Bxb2 17.Ra2 Bg7 18.Bb5+ axb5 19.Rxa8 O-O 20.Ke2 Nf6 21.Nxf6+ 
Bxf6 22.f4 b4 23.Rc1 Bc3 24.Kd3 f5 25.f3 Kg7 26.Rc2 Nd7 27.Ra7 Rd8 28.e4 
Kh6 29.Rb7 g5 30.Ra2 gxf4 31.Raa7 fxe4+ 32.fxe4 Ne5+ 33.Kc2 f3 34.Rxh7+ 
Kg6 35.Rag7+ Kf6 36.Rg1 f2 37.Rf1 Bd4 38.Rh5 c4 39.Rf5+ Kg6 40.b7 b3+ 0-1

[Event "2nd GMA World Cup prel  #1"]
[Site "Belgrade YUG"]
[Date "1988.??.??"]
[Round "?"]
[White "Gurevich, Dmitry"]
[Black "Acimovic, Svetozar"]
[Result "1-0"]
[WhiteElo "2475"]
[BlackElo "2370"]
[EventDate "1988.12.??"]
[PlyCount "57"]

1.d4 Nf6 2.c4 e6 3.Nc3 d5 4.Bg5 Be7 5.e3 O-O 6.Rc1 Nbd7 7.Nf3 c6 8.a3 Ne4 
9.Bxe7 Qxe7 10.Qc2 f5 11.Bd3 Ndf6 12.Ne2 Bd7 13.Ne5 Be8 14.h3 Nd7 15.Nxd7 
Bxd7 16.O-O Rf6 17.f3 Nd6 18.Qb3 Be8 19.c5 Nf7 20.e4 Rd8 21.exf5 exf5 22.
Rce1 Ng5 23.Ng3 Qd7 24.Re5 g6 25.Rfe1 Re6 26.Bxf5 gxf5 27.Qe3 Ne4 28.Nxe4 
Rxe5 29.Nf6+ 1-0

[Event "2nd GMA World Cup prel  #1"]
[Site "Belgrade YUG"]
[Date "1988.??.??"]
[Round "?"]
[White "Gurevich, Mikhail"]
[Black "Glek, Igor"]
[Result "1/2-1/2"]
[WhiteElo "2630"]
[BlackElo "2500"]
[EventDate "1988.12.??"]
[PlyCount "120"]

1.d4 Nf6 2.Nf3 g6 3.c4 Bg7 4.Nc3 O-O 5.e4 d6 6.Be2 e5 7.O-O Na6 8.Re1 c6 
9.d5 c5 10.Bg5 h6 11.Bh4 Qd7 12.Nd2 Nh7 13.Bg3 h5 14.a3 Qe7 15.h3 h4 16.
Bh2 f5 17.exf5 gxf5 18.f4 e4 19.Kh1 Kh8 20.Nf1 Rg8 21.Qd2 Bd7 22.Bg1 Bh6 
23.Be3 Rg6 24.Bh5 Rg7 25.Bd1 Rag8 26.Re2 Nf6 27.Rf2 Be8 28.Rb1 b6 29.b4 
Nh5 30.Ne2 Kh7 31.Nc3 Qf6 32.Ba4 Bxa4 33.Nxa4 Rc7 34.bxc5 dxc5 35.Nc3 Rd7 
36.Qd1 Ng3+ 37.Nxg3 hxg3 38.Rc2 Nb8 39.Qh5 Qg6 40.Qxg6+ Kxg6 41.a4 Na6 42.
Na2 Bf8 43.Bd2 Bd6 44.Rb3 Kh5 45.Kg1 Nb4 46.Nxb4 cxb4 47.Kf1 a5 48.Be3 Rc8
49.Bxb6 Bxf4 50.Bxa5 Rxd5 51.Bxb4 Rd3 52.Rb1 Rb8 53.c5 Ra3 54.Rbb2 Rxa4 
55.Be1 Rxb2 56.Rxb2 Rc4 57.Rb3 Rxc5 58.Bxg3 Rc1+ 59.Kf2 Rc2+ 60.Kf1 Rc1+ 
1/2-1/2

[Event "2nd GMA World Cup prel  #1"]
[Site "Belgrade YUG"]
[Date "1988.??.??"]
[Round "?"]
[White "Gurgenidze, Bukhuti"]
[Black "Barlov, Dragan"]
[Result "1-0"]
[WhiteElo "2365"]
[BlackElo "2485"]
[EventDate "1988.12.??"]
[PlyCount "87"]

1.d4 Nf6 2.c4 d6 3.Nc3 c6 4.Bg5 Nbd7 5.e3 e5 6.Bd3 Qb6 7.Qb3 Qa5 8.Bh4 Be7
9.Ne2 a6 10.O-O b5 11.Qc2 bxc4 12.Bxc4 O-O 13.a3 Bb7 14.Ba2 Rfb8 15.Rad1 
Qc7 16.dxe5 Nxe5 17.Nd4 g6 18.f4 Neg4 19.Qe2 c5 20.Ne6 Qb6 21.h3 Nh6 22.
Ng5 d5 23.Bf2 Bc6 24.Rd2 Qb7 25.Nf3 Bb5 26.Nxb5 axb5 27.g4 c4 28.g5 Ne4 
29.gxh6 Nxd2 30.Qxd2 b4 31.Qd4 Bf8 32.e4 Bxh6 33.exd5 b3 34.Bb1 Bg7 35.Ne5
Qc8 36.Kg2 c3 37.bxc3 Rxa3 38.c4 b2 39.Be3 Ra1 40.d6 Qb7+ 41.Kh2 Qb3 42.d7
Bf6 43.Qd5 Rf8 44.Ng4 1-0

[Event "2nd GMA World Cup prel  #1"]
[Site "Belgrade YUG"]
[Date "1988.??.??"]
[Round "?"]
[White "Gurgenidze, Bukhuti"]
[Black "Raicevic, Vladimir"]
[Result "1/2-1/2"]
[WhiteElo "2365"]
[BlackElo "2455"]
[EventDate "1988.12.??"]
[PlyCount "101"]

1.d4 g6 2.e4 Bg7 3.Nf3 d6 4.Nc3 e5 5.dxe5 dxe5 6.Qxd8+ Kxd8 7.Ng5 Nh6 8.
Bc4 f6 9.Ne6+ Bxe6 10.Bxe6 Ke7 11.Bh3 c6 12.Be3 Rd8 13.Ke2 Na6 14.Rhd1 Nf7
15.Rxd8 Nxd8 16.Rd1 Ne6 17.g3 Nac7 18.f4 exf4 19.gxf4 Bh6 20.f5 Nf4+ 21.
Kf3 Nxh3 22.Bxh6 Rg8 23.Be3 Ng5+ 24.Kf2 b6 25.Rd4 c5 26.Rd1 gxf5 27.exf5 
Nh3+ 28.Kf3 Ng5+ 29.Ke2 Nh3 30.Rd2 Rg4 31.Kf3 h5 32.Ne4 Ng1+ 33.Bxg1 Rxg1 
34.Re2 Kf7 35.Nd6+ Kf8 36.c4 Rd1 37.Ne4 Ne8 38.Rd2 Rf1+ 39.Rf2 Rd1 40.Rd2 
Rf1+ 41.Rf2 Rd1 42.b3 Rd3+ 43.Kf4 Rh3 44.Rd2 Ke7 45.Re2 Kf7 46.Ng3 Rh4+ 
47.Kf3 Ng7 48.Rd2 Ke7 49.a4 a5 50.Rg2 Kf7 51.Rd2 1/2-1/2

[Event "2nd GMA World Cup prel  #1"]
[Site "Belgrade YUG"]
[Date "1988.??.??"]
[Round "?"]
[White "Gurgenidze, Bukhuti"]
[Black "Tseitlin, Mikhail"]
[Result "1/2-1/2"]
[WhiteElo "2365"]
[BlackElo "2455"]
[EventDate "1988.12.??"]
[PlyCount "122"]

1.d4 c5 2.d5 e6 3.c4 Nf6 4.Nc3 d6 5.Nf3 g6 6.Bg5 h6 7.Bxf6 Qxf6 8.Qa4+ Ke7
9.g3 Bg7 10.Bg2 Rd8 11.O-O Kf8 12.Rad1 Nd7 13.dxe6 Nb6 14.e7+ Qxe7 15.Qc2 
Be6 16.b3 d5 17.cxd5 Nxd5 18.Nxd5 Bxd5 19.Ne1 Bxg2 20.Nxg2 b5 21.Nf4 Rac8 
22.Rxd8+ Rxd8 23.Rc1 Rc8 24.Qd3 a6 25.a4 c4 26.axb5 axb5 27.bxc4 Qc5 28.
Qf3 Qc6 29.Qa3+ Qc5 30.Qxc5+ Rxc5 31.Nd3 Rxc4 32.Rb1 h5 33.h3 Rc2 34.Kf1 
Bf6 35.Rxb5 Kg7 36.e3 Rd2 37.Nf4 Rb2 38.Rxb2 Bxb2 39.Nd3 Bc3 40.Ke2 Kf6 
41.e4 Bd4 42.f4 Ke6 43.Ne1 Ba7 44.Nf3 Bb6 45.Nh4 Bc7 46.Kf3 Bd8 47.Ng2 Bb6
48.Ne3 Bd8 49.f5+ Ke5 50.fxg6 fxg6 51.Nc4+ Ke6 52.Kf4 Be7 53.e5 Bd8 54.Nd2
Kd5 55.Nf3 Be7 56.Ng5 Ba3 57.Nf7 Bc1+ 58.Kf3 Bd2 59.h4 Ke6 60.Nh8 Kf5 61.
e6 Bb4 1/2-1/2

[Event "2nd GMA World Cup prel  #1"]
[Site "Belgrade YUG"]
[Date "1988.??.??"]
[Round "?"]
[White "Hergott, Deen"]
[Black "Tan Chengxuan"]
[Result "1-0"]
[WhiteElo "2365"]
[BlackElo "2300"]
[EventDate "1988.12.??"]
[PlyCount "87"]

1.d4 Nf6 2.Nf3 d5 3.c4 c6 4.Nc3 dxc4 5.a4 Bg4 6.Ne5 Bh5 7.g3 e6 8.Bg2 a5 
9.O-O Na6 10.h3 Nb4 11.g4 Bg6 12.e4 Nd7 13.Nxc4 Be7 14.f4 f6 15.Qe2 Nb6 
16.Nxb6 Qxb6 17.Be3 Qa6 18.Qf2 f5 19.d5 exd5 20.exf5 Bf7 21.Rfd1 O-O-O 22.
Bf1 Qa8 23.Rac1 Kb8 24.Bd4 Rhg8 25.Re1 Bd6 26.Bb6 Rd7 27.Qd4 Na6 28.Qf2 
Rc8 29.Kh1 Bc7 30.Bd4 Bg8 31.Rcd1 Rf7 32.Rc1 h5 33.Nb5 cxb5 34.axb5 Rd7 
35.bxa6 bxa6 36.Re3 Qb7 37.Rec3 Re8 38.Qc2 Bd6 39.Rc6 Rc7 40.Rxc7 Bxc7 41.
Bxa6 Qxa6 42.Qxc7+ Ka8 43.Ra1 Rc8 44.Rxa5 1-0

[Event "2nd GMA World Cup prel  #1"]
[Site "Belgrade YUG"]
[Date "1988.??.??"]
[Round "?"]
[White "Hulak, Krunoslav"]
[Black "Vratonjic, Slobodan"]
[Result "1-0"]
[WhiteElo "2490"]
[BlackElo "2360"]
[EventDate "1988.12.??"]
[PlyCount "105"]

1.d4 Nf6 2.c4 d6 3.Nf3 Nbd7 4.g3 e5 5.Bg2 c6 6.Nc3 Be7 7.e4 O-O 8.O-O a6 
9.Qc2 b5 10.Rd1 Qc7 11.b3 Re8 12.h3 Bb7 13.Be3 Bf8 14.c5 exd4 15.cxd6 Bxd6
16.Nxd4 b4 17.Na4 g6 18.Ne2 c5 19.Qd3 Bf8 20.f3 Rad8 21.Qc2 Bc6 22.Nb2 Bb5
23.Bf2 Qb8 24.Nc4 Nb6 25.Nf4 Rxd1+ 26.Rxd1 Rd8 27.Rxd8 Qxd8 28.Nxb6 Qxb6 
29.e5 Nd7 30.Nd5 Qe6 31.f4 Qf5 32.Qxf5 gxf5 33.Bf1 Kg7 34.Bxb5 axb5 35.Nc7
c4 36.Nxb5 c3 37.Nd4 Nc5 38.Nxf5+ Kg8 39.Nd4 Nd3 40.Nc2 Nc1 41.Be3 Nxa2 
42.Kf2 f6 43.exf6 Kf7 44.Kf3 Kxf6 45.g4 Ke6 46.Ke4 h6 47.h4 Kf6 48.h5 Ke6 
49.g5 Kf7 50.f5 Kg7 51.g6 Be7 52.Ke5 Bh4 53.Ke6 1-0

[Event "2nd GMA World Cup prel  #1"]
[Site "Belgrade YUG"]
[Date "1988.??.??"]
[Round "?"]
[White "Huzman, Alexander"]
[Black "Grun, Gerd-Peter"]
[Result "1/2-1/2"]
[WhiteElo "2465"]
[BlackElo "2380"]
[EventDate "1988.12.??"]
[PlyCount "21"]

1.d4 Nf6 2.Nf3 e6 3.g3 b5 4.Bg2 Bb7 5.O-O d6 6.c3 Nbd7 7.a4 a6 8.Bg5 Be7 
9.Na3 Rb8 10.Bxf6 Bxf6 11.Qd3 1/2-1/2

[Event "2nd GMA World Cup prel  #1"]
[Site "Belgrade YUG"]
[Date "1988.??.??"]
[Round "?"]
[White "Huzman, Alexander"]
[Black "Rogulj, Branko"]
[Result "1/2-1/2"]
[WhiteElo "2465"]
[BlackElo "2355"]
[EventDate "1988.12.??"]
[PlyCount "25"]

1.Nf3 Nf6 2.c4 c5 3.d4 cxd4 4.Nxd4 Nc6 5.Nc3 e6 6.g3 Qb6 7.Nb3 Ne5 8.e4 
Bb4 9.Qe2 a5 10.f4 Neg4 11.e5 a4 12.Nd2 Ne3 13.exf6 1/2-1/2

[Event "2nd GMA World Cup prel  #1"]
[Site "Belgrade YUG"]
[Date "1988.??.??"]
[Round "?"]
[White "Ilic, Dragan"]
[Black "Gruenfeld, Yehuda"]
[Result "0-1"]
[WhiteElo "2420"]
[BlackElo "2520"]
[EventDate "1988.12.??"]
[PlyCount "80"]

1.d4 Nf6 2.c4 e6 3.Nc3 c5 4.d5 exd5 5.cxd5 d6 6.e4 g6 7.f4 Bg7 8.Bb5+ Nfd7
9.a4 O-O 10.Nf3 Na6 11.O-O Nc7 12.Bc4 Nb6 13.Bb3 Bg4 14.h3 Bxf3 15.Qxf3 
Nd7 16.e5 dxe5 17.f5 e4 18.Nxe4 Ne5 19.Qg3 c4 20.f6 Bh8 21.Qxe5 Re8 22.Qd4
cxb3 23.Nc3 Ne6 24.Qf2 Nf8 25.Bg5 Nd7 26.Qh4 Re5 27.Rf3 Qb6+ 28.Kh1 Rae8 
29.Raf1 Qc5 30.Qg3 Nb6 31.Bf4 Bxf6 32.Bxe5 Bxe5 33.Qh4 f5 34.Ne4 Qd4 35.d6
Qxe4 36.Qxe4 fxe4 37.Rxb3 Bxd6 38.a5 Nc4 39.Rxb7 e3 40.Rff7 Be5 0-1

[Event "2nd GMA World Cup prel  #1"]
[Site "Belgrade YUG"]
[Date "1988.??.??"]
[Round "?"]
[White "Ilic, Dragan"]
[Black "Ilic, Zoran"]
[Result "1/2-1/2"]
[WhiteElo "2420"]
[BlackElo "2360"]
[EventDate "1988.12.??"]
[PlyCount "20"]

1.d4 Nf6 2.c4 e6 3.Nc3 Bb4 4.Nf3 c5 5.g3 cxd4 6.Nxd4 O-O 7.Bg2 d5 8.cxd5 
Nxd5 9.Bd2 Bxc3 10.bxc3 e5 1/2-1/2

[Event "2nd GMA World Cup prel  #1"]
[Site "Belgrade YUG"]
[Date "1988.??.??"]
[Round "?"]
[White "Ilic, Dragan"]
[Black "Romanishin, Oleg"]
[Result "1/2-1/2"]
[WhiteElo "2420"]
[BlackElo "2550"]
[EventDate "1988.12.??"]
[PlyCount "60"]

1.d4 Nf6 2.c4 e6 3.Nc3 Bb4 4.e3 b6 5.Bd3 Bb7 6.f3 c5 7.Ne2 cxd4 8.exd4 O-O
9.O-O d5 10.Bg5 Be7 11.cxd5 Nxd5 12.Bxe7 Qxe7 13.Qd2 Nd7 14.Rfe1 N7f6 15.
Qg5 Rfd8 16.a3 Rac8 17.Ng3 h6 18.Qd2 Qd6 19.Nce4 Qf4 20.Qf2 Qh4 21.Rac1 
Nf4 22.Bf1 Nxe4 23.fxe4 Qg5 24.Rc3 Rxc3 25.bxc3 h5 26.Re3 h4 27.Ne2 Ng6 
28.Kh1 Qa5 29.Nf4 Rf8 30.Kg1 Qxa3 1/2-1/2

[Event "2nd GMA World Cup prel  #1"]
[Site "Belgrade YUG"]
[Date "1988.??.??"]
[Round "?"]
[White "Ilic, Zoran"]
[Black "Buljovcic, Ivan"]
[Result "1/2-1/2"]
[WhiteElo "2360"]
[BlackElo "2425"]
[EventDate "1988.12.??"]
[PlyCount "32"]

1.Nf3 c5 2.c4 Nc6 3.Nc3 Nf6 4.d4 cxd4 5.Nxd4 g6 6.e4 Bg7 7.Be3 Ng4 8.Qxg4 
Nxd4 9.Qd1 Ne6 10.Rc1 Qa5 11.Qd2 g5 12.Bd3 b6 13.O-O Bb7 14.Rfd1 d6 15.Bb1
Be5 16.f3 Bf4 1/2-1/2

[Event "2nd GMA World Cup prel  #1"]
[Site "Belgrade YUG"]
[Date "1988.??.??"]
[Round "?"]
[White "Ilijic, Milan"]
[Black "Laketic, Gojko"]
[Result "1/2-1/2"]
[WhiteElo "2285"]
[BlackElo "2400"]
[EventDate "1988.12.??"]
[PlyCount "92"]

1.c4 e5 2.g3 c6 3.Bg2 Nf6 4.Nf3 e4 5.Nd4 d5 6.cxd5 Qxd5 7.Nc2 Qh5 8.h3 Bc5
9.Nc3 Qg6 10.Ne3 O-O 11.Qc2 Re8 12.b3 Na6 13.a3 Bd4 14.Bb2 Be6 15.Rb1 Bd7 
16.Nc4 b5 17.Ne3 Rad8 18.Ncd1 Bb6 19.g4 Nd5 20.Nc3 Nxc3 21.Bxc3 Nc7 22.Qb2
Nd5 23.Nxd5 cxd5 24.Bd4 f5 25.Bxb6 Qxb6 26.gxf5 d4 27.e3 Bxf5 28.Rc1 Qg6 
29.Bf1 d3 30.h4 h5 31.Rc5 Rc8 32.b4 Bg4 33.Rg1 Rxc5 34.bxc5 Qf5 35.Qxb5 
Rc8 36.f4 Qxc5 37.Qxc5 Rxc5 38.Bg2 Rc1+ 39.Kf2 Rxg1 40.Kxg1 Bf5 41.Kf2 Kf7
42.Ke1 Ke6 43.Kd1 Bg4+ 44.Kc1 Bf3 45.Bh3+ Bg4 46.Bg2 Bf3 1/2-1/2

[Event "2nd GMA World Cup prel  #1"]
[Site "Belgrade YUG"]
[Date "1988.??.??"]
[Round "?"]
[White "Ilijic, Milan"]
[Black "Lein, Anatoly"]
[Result "0-1"]
[WhiteElo "2285"]
[BlackElo "2470"]
[EventDate "1988.12.??"]
[PlyCount "132"]

1.c4 e5 2.g3 Nf6 3.Bg2 Nc6 4.Nc3 Bb4 5.Nd5 Nxd5 6.cxd5 Ne7 7.a3 Bc5 8.Nf3 
Nxd5 9.Nxe5 Nf6 10.d4 Be7 11.O-O O-O 12.Bf4 d6 13.Nd3 c6 14.e4 d5 15.e5 
Ne8 16.b4 Nc7 17.Be3 f6 18.f4 a5 19.Qb3 Kh8 20.h3 Bf5 21.Nf2 axb4 22.axb4 
fxe5 23.dxe5 Be6 24.Qb2 Qd7 25.g4 d4 26.Bd2 Nb5 27.f5 Bd5 28.Ne4 Rxa1 29.
Qxa1 Bxe4 30.Bxe4 Qc7 31.Bf4 Bxb4 32.g5 Nc3 33.Bd3 Nd5 34.Qxd4 Bc3 35.Qc5 
Rd8 36.e6 Nxf4 37.e7 Re8 38.f6 gxf6 39.Qxc3 Nd5 40.Qe1 Qxe7 41.Qxe7 Rxe7 
42.gxf6 Rf7 43.Rb1 Nxf6 44.Bf5 Ne8 45.Bg4 Nd6 46.Rd1 Rf6 47.Re1 Kg7 48.
Re7+ Rf7 49.Re6 Nb5 50.Kg2 Nc7 51.Rd6 Ne8 52.Rd8 Nf6 53.Bf3 Kg6 54.Rc8 Kf5
55.Kg3 Rg7+ 56.Kh4 Kf4 57.Bh5 Nxh5 58.Kxh5 Kg3 59.h4 Rg4 60.Rc7 Rxh4+ 61.
Kg5 Rb4 62.Rxh7 b5 63.Kf5 Rc4 64.Ke5 b4 65.Rf7 c5 66.Kd5 Rc3 0-1

[Event "2nd GMA World Cup prel  #1"]
[Site "Belgrade YUG"]
[Date "1988.??.??"]
[Round "?"]
[White "Ilijic, Milan"]
[Black "Mencinger, Vojko"]
[Result "1/2-1/2"]
[WhiteElo "2285"]
[BlackElo "2385"]
[EventDate "1988.12.??"]
[PlyCount "100"]

1.c4 c5 2.g3 g6 3.Bg2 Nc6 4.Nc3 Bg7 5.e3 Nf6 6.Nge2 O-O 7.O-O d6 8.a3 Bf5 
9.d3 Qd7 10.Nf4 e5 11.Nfd5 Nxd5 12.Nxd5 Rae8 13.Qc2 Bh3 14.Rb1 Bxg2 15.
Kxg2 f5 16.f4 e4 17.b4 b6 18.Rd1 exd3 19.Qxd3 Qf7 20.Bb2 Re6 21.Bxg7 Qxg7 
22.Rb3 Rfe8 23.Kf2 h5 24.h4 Qb7 25.Qc3 Kf7 26.Qc2 Ne7 27.Nc3 Qc6 28.Nd5 
Ng8 29.b5 Qb7 30.Rbd3 Nh6 31.Qc3 Ng4+ 32.Kg1 Qb8 33.a4 Qb7 34.a5 bxa5 35.
Ra1 Nf6 36.Rxa5 Nxd5 37.cxd5 R6e7 38.Ra6 Rd7 39.Qa5 c4 40.Ra3 Qxd5 41.Rxa7
Rxa7 42.Qxa7+ Re7 43.Qa4 Qc5 44.Kh2 Rb7 45.b6 d5 46.Qa8 Qxb6 47.Ra6 Qb2+ 
48.Kh3 Qb1 49.Ra1 Qb5 50.Ra5 Qb1 1/2-1/2

[Event "2nd GMA World Cup prel  #1"]
[Site "Belgrade YUG"]
[Date "1988.??.??"]
[Round "?"]
[White "Ilijic, Milan"]
[Black "Pavlovic, Milos"]
[Result "0-1"]
[WhiteElo "2285"]
[BlackElo "2390"]
[EventDate "1988.12.??"]
[PlyCount "98"]

1.c4 Nf6 2.g3 g6 3.Bg2 Bg7 4.Nc3 O-O 5.Nf3 d6 6.O-O e5 7.d4 Nbd7 8.e4 c6 
9.h3 Qb6 10.c5 dxc5 11.dxe5 Ne8 12.Bg5 Qxb2 13.Na4 Qa3 14.Be7 Nc7 15.Bxf8 
Bxf8 16.Qc2 Ne6 17.Rfd1 b5 18.Nc3 Bg7 19.Rac1 Nxe5 20.Nxe5 Bxe5 21.Ne2 Nd4
22.Nxd4 Bxd4 23.Rd3 Qa6 24.Kh2 Be6 25.a3 Rd8 26.f4 b4 27.Bf1 Qa5 28.Qd2 
Qb6 29.f5 Bb3 30.Qg5 c4 31.Rf3 Re8 32.fxg6 hxg6 33.axb4 Qxb4 34.h4 c3 35.
h5 Qe7 36.Qa5 Qxe4 37.Bg2 Bd5 38.Rcxc3 Qg4 39.Rf4 Qxh5+ 40.Rh4 Qe2 41.Qxd5
cxd5 42.Rxd4 Qb2 43.Rcd3 Re2 44.Rxd5 Rxg2+ 45.Kh3 Qe2 46.Kh4 Rh2+ 47.Kg5 
Qe7+ 48.Kf4 Rf2+ 49.Kg4 f5+ 0-1